Cosmology

שמור ב:
מידע ביבליוגרפי
מחבר ראשי: Breithaupt, Jim (Author)
פורמט: ספר
שפה:אנגלית
יצא לאור: Londres Hodder & Stoughton 1999
מהדורה:1a. ed
סדרה:Teach Yourself Books
נושאים:
תגים: הוספת תג
אין תגיות, היה/י הראשונ/ה לתייג את הרשומה!

MARC

LEADER 00000nam a2200000 a 4500
001 UCL7673
003 CL-VaPUC
008 040528e19990000UK |||||||||||||||||eng|d
020 |a 0340730927 
082 0 4 |a 523.1  |b BRE  |2 21 
100 0 |a Breithaupt, Jim  |e author  |9 485521 
245 1 0 |a Cosmology 
250 |a 1a. ed 
300 |a 248 p 
942 |c BK 
945 |d 20040528 00:00:00  |a cmena 
260 |a Londres  |b Hodder & Stoughton  |c 1999 
650 0 |a Cosmología  |9 269138 
650 7 |a CUERPOS CELESTES  |2 CL-VaPUC  |9 310384 
650 0 |a Teorías científicas  |9 316549 
583 |a last modification  |c 20040528 00:00:00  |k Rodrigo Vera 
490 0 |a Teach Yourself Books 
999 |c 309301  |d 309299 
952 |0 0  |1 0  |4 0  |6 523_100000000000000_BRE_1999  |7 0  |8 A  |9 376718  |a BIBCUR  |b BIBCUR  |d 2019-11-21  |i 402060K  |o 523.1 BRE 1999  |p 402060K  |r 2025-04-22  |w 2019-11-21  |y BK  |k FIS